000 01126cab a2200277 4500
001 ABS56627
008 090401t1997 xxu||||| |||| 00| 0 eng d
035 _a(Sirsi) u24916
041 _aeng
245 _aCompany directors and criminal charges
260 _c1997
350 _a0
490 _aEstates Gazette
_v(9706) 8 February 1997, 149-150 ; (9708) 22 Februa
520 _aA `Mainly for Students` article examining the circumstances in which a company, its directors and its managers may be guilty of a criminal offence if a fatal accident occurs or the environment is polluted by the company`s business activities. Looks at the approach taken by regulatory bodies when prosecuting for environmental offences. Case law.
650 _aCOMPANY DIRECTORS
650 _aHEALTH AND SAFETY
_96244
650 _aLIABILITY
650 _aMAINLY FOR STUDENTS
650 _aPOLLUTION
650 _aTESCO STORES LTD V BRENT LBC
650 _aTESCO STORES LTD V NATTRASS
650 _aWOODHOUSE V WALSALL MBC
690 _aMANAGEMENT-BUSINESS MANAGEMENT-PROFESSIONAL PRACTICE
942 _n0
948 _c04/03/1997
999 _c16711
_d16711